Vláda sa ocitne pred rozpočtovou dilemou

Novú vládu, okrem iných problémov, čaká predovšetkým napätý štátny rozpočet. Rozpracovaný návrh rozpočtu na r. 2003 s celkovým verejným deficitom 51 mld. Sk. Návrh úspor v platoch, zmrazenie sociálnych dávok a zvyšovanie daní. Zníženie počtu ministrov. Možnosť úspor - mzdy vo verejnej sfére. Sociáln...

Ausführliche Beschreibung

Gespeichert in:
Bibliographische Detailangaben
1. Verfasser: Baťo, Rado
Format: Buchkapitel
Sprache:Slowakisch
Schlagworte:
Tags: Tag hinzufügen
Keine Tags, Fügen Sie das erste Tag hinzu!

MARC

LEADER 00000naa a2200000 4500
001 r046455
005 20230921113713.0
041 0 |a slo 
044 |a SK 
245 1 0 |a Vláda sa ocitne pred rozpočtovou dilemou  |c Rado Baťo 
520 |a Novú vládu, okrem iných problémov, čaká predovšetkým napätý štátny rozpočet. Rozpracovaný návrh rozpočtu na r. 2003 s celkovým verejným deficitom 51 mld. Sk. Návrh úspor v platoch, zmrazenie sociálnych dávok a zvyšovanie daní. Zníženie počtu ministrov. Možnosť úspor - mzdy vo verejnej sfére. Sociálne výdavky. Kontroverzná DPH. 
610 2 0 |a rozpočet štátny 
610 2 0 |a deficit rozpočtový 
610 2 0 |a úspory 
610 2 0 |a platy 
610 2 0 |a dávky sociálne 
610 2 0 |a výdavky na potreby sociálne 
610 2 0 |a dane z hodnoty pridanej 
610 2 0 |a Slovensko 
610 2 0 |a 2003 
100 1 |a Baťo, Rado